[Event "Hilton Open 2013"]
[Site "Basel"]
[Date "2013.01.04"]
[Round "6.34"]
[White "Tillmann, Marc"]
[Black "Moser, Guido"]
[Result "1-0"]
[WhiteElo "1999"]
[BlackElo "2006"]
[PlyCount "57"]
[EventDate "2013.??.??"]
[SourceDate "2013.01.01"]

1. d4 Nf6 2. c4 e6 3. Bg5 Be7 4. Nc3 d5 5. cxd5 exd5 6. e3 O-O 7. Bd3 c6 8. Qc2
Nbd7 9. Nf3 h6 10. h4 c5 11. O-O-O cxd4 12. Nxd4 Nc5 13. Bxf6 Nxd3+ 14. Qxd3
Bxf6 15. Kb1 Be6 16. f4 Bg4 17. Rd2 Rc8 18. Qb5 Re8 19. Nxd5 Bxd4 20. Rxd4 Rxe3
21. Qb4 Bf5+ 22. Ka1 Re6 23. a4 Qe8 24. Rhd1 Bg4 25. Rf1 Re2 26. f5 Rcc2 27.
Rxg4 Qe5 28. f6 g6 29. Rxg6+ 1-0

[Event "Hilton Open 2013"]
[Site "Basel"]
[Date "2013.01.04"]
[Round "6.35"]
[White "Curien, Nicolas"]
[Black "Deubelbeiss, Rene"]
[Result "1-0"]
[WhiteElo "2239"]
[BlackElo "2015"]
[PlyCount "65"]
[EventDate "2013.??.??"]
[SourceDate "2013.01.01"]

1. d4 d6 2. e4 Nf6 3. Nc3 g6 4. Be3 c6 5. h3 b5 6. e5 b4 7. exf6 bxc3 8. fxe7
Qxe7 9. bxc3 Bg7 10. Nf3 O-O 11. Be2 Ba6 12. O-O Bxe2 13. Qxe2 Nd7 14. Rfe1 Nb6
15. Qd3 Qd7 16. c4 Rab8 17. Rab1 Rbc8 18. Bf4 d5 19. c5 Nc4 20. Nd2 Nxd2 21.
Qxd2 Rfe8 22. Qd3 h5 23. c3 Rxe1+ 24. Rxe1 Re8 25. Re3 Rxe3 26. fxe3 Qb7 27. e4
Qe7 28. exd5 cxd5 29. c6 g5 30. c7 Qe1+ 31. Kh2 Qe6 32. Bxg5 Qd7 33. Bf4 1-0

[Event "Hilton Open 2013"]
[Site "Basel"]
[Date "2013.01.04"]
[Round "6.36"]
[White "Hess, Christian Mathias"]
[Black "Terraz, Christian"]
[Result "1-0"]
[WhiteElo "2269"]
[BlackElo "2098"]
[PlyCount "81"]
[EventDate "2013.??.??"]
[SourceDate "2013.01.01"]

1. Nf3 d6 2. d4 Nf6 3. c4 Nbd7 4. Nc3 e5 5. Bg5 Be7 6. e3 O-O 7. Qc2 Re8 8. Be2
c6 9. O-O Qc7 10. b4 a6 11. Rac1 b6 12. Rfd1 Bb7 13. a3 Bf8 14. h3 Rac8 15. Bh4
e4 16. Nd2 d5 17. Qb3 Qd8 18. cxd5 cxd5 19. Bg4 Rc7 20. Bg3 Rc8 21. Be2 Re6 22.
Nf1 Rec6 23. b5 axb5 24. Bxb5 Re6 25. a4 Nb8 26. Ne2 Nc6 27. Nf4 Rd6 28. Rc3
Na5 29. Qc2 Rxc3 30. Qxc3 Bc6 31. Rc1 Qd7 32. Rb1 Bxb5 33. axb5 Qb7 34. Rc1 Rd8
35. Bh4 Be7 36. Qc7 Qxc7 37. Rxc7 Bd6 38. Bxf6 Bxf4 39. Bxd8 Bxc7 40. Bxc7 Nc4
41. Ng3 1-0

[Event "Hilton Open 2013"]
[Site "Basel"]
[Date "2013.01.04"]
[Round "6.37"]
[White "Duessel, Udo"]
[Black "Staechelin, Ruedi"]
[Result "0-1"]
[WhiteElo "2228"]
[BlackElo "2078"]
[PlyCount "62"]
[EventDate "2013.??.??"]
[SourceDate "2013.01.01"]

1. d4 d5 2. c4 c6 3. Nf3 Nf6 4. Nc3 a6 5. c5 Nbd7 6. Bf4 g6 7. e3 Bg7 8. h3 O-O
9. Be2 Ne8 10. O-O f6 11. b4 e5 12. Bh2 e4 13. Nd2 f5 14. a4 Nc7 15. Qb3 Kh8
16. b5 axb5 17. axb5 Rxa1 18. Rxa1 Ne6 19. Bd6 Re8 20. bxc6 bxc6 21. Ra8 Nc7
22. Ra7 Ne6 23. Na4 f4 24. Nb6 Nxb6 25. Qxb6 fxe3 26. fxe3 Qg5 27. Bg4 Qxe3+
28. Kh2 Bxd4 29. Bxe6 Qg1+ 30. Kg3 Qe1+ 31. Kh2 Bg1+ 0-1

[Event "Hilton Open 2013"]
[Site "Basel"]
[Date "2013.01.04"]
[Round "6.38"]
[White "Bagri, Jaspaul"]
[Black "Janasik, Gerhard"]
[Result "1-0"]
[WhiteElo "2178"]
[BlackElo "2014"]
[PlyCount "89"]
[EventDate "2013.??.??"]
[SourceDate "2013.01.01"]

1. c4 Nf6 2. Nc3 g6 3. g3 Bg7 4. Bg2 O-O 5. Nf3 c6 6. e4 d6 7. h3 Nbd7 8. O-O
e5 9. d4 exd4 10. Nxd4 Re8 11. Re1 a5 12. Rb1 Nc5 13. Bf4 Nh5 14. Be3 Nf6 15.
Qc2 Qe7 16. f3 Bd7 17. Rbd1 Qf8 18. Nb3 Ne6 19. a3 a4 20. Nd4 Nxd4 21. Bxd4 c5
22. Bf2 Bc6 23. Rd2 Reb8 24. Red1 Ne8 25. Nb5 Bxb5 26. cxb5 Nc7 27. Rxd6 Nxb5
28. R6d5 b6 29. f4 Nd4 30. Qc4 Rc8 31. e5 b5 32. Qf1 Nb3 33. Qxb5 Rd8 34. Rd7
Rxd7 35. Rxd7 Rb8 36. Qxa4 Nd4 37. Bxd4 cxd4 38. Qxd4 Qc8 39. Qd5 Qc1+ 40. Kh2
Rf8 41. Qd2 Qa1 42. h4 Rc8 43. Bd5 Bf8 44. Rxf7 Kh8 45. Bg2 1-0

[Event "Hilton Open 2013"]
[Site "Basel"]
[Date "2013.01.04"]
[Round "6.39"]
[White "Michaelis, Nico"]
[Black "Ditzler, Juerg"]
[Result "1-0"]
[WhiteElo "2165"]
[BlackElo "2038"]
[PlyCount "51"]
[EventDate "2013.??.??"]
[SourceDate "2013.01.01"]

1. d4 g6 2. c4 Bg7 3. Nc3 d6 4. e4 Nd7 5. Be3 e5 6. d5 Ne7 7. Qd2 O-O 8. g4 Nc5
9. f3 f5 10. gxf5 gxf5 11. O-O-O Ng6 12. h4 fxe4 13. h5 Nf4 14. Nxe4 Nxe4 15.
fxe4 Bg4 16. h6 Bh8 17. Be2 Bxe2 18. Nxe2 Ng6 19. Ng3 Rf4 20. Rdf1 Qf6 21. Bxf4
exf4 22. Nh5 Qd4 23. Nxf4 Qxc4+ 24. Qc2 Qxa2 25. Nxg6 hxg6 26. h7+ 1-0

[Event "Hilton Open 2013"]
[Site "Basel"]
[Date "2013.01.04"]
[Round "6.40"]
[White "Bender, Dirk"]
[Black "Braeunlin, Klaus"]
[Result "0-1"]
[WhiteElo "2047"]
[BlackElo "2131"]
[PlyCount "178"]
[EventDate "2013.??.??"]
[SourceDate "2013.01.01"]

1. c4 Nf6 2. g3 e6 3. Bg2 d5 4. cxd5 exd5 5. d4 c6 6. e3 Be7 7. Ne2 O-O 8. Nbc3
Re8 9. O-O Nbd7 10. a3 Nb6 11. b3 Bf5 12. f3 Bf8 13. e4 dxe4 14. fxe4 Bg6 15.
Bg5 Be7 16. Bxf6 Bxf6 17. e5 Be7 18. Nf4 Bg5 19. h4 Bxf4 20. Rxf4 Qd7 21. h5
Bf5 22. g4 Be6 23. h6 Nd5 24. Nxd5 Bxd5 25. hxg7 Rad8 26. Qc2 Qe6 27. Bxd5 Qxd5
28. g5 Re6 29. Raf1 Rg6 30. Rg4 Rxg7 31. b4 h5 32. Rgf4 Rxg5+ 33. Kh2 Rg7 34.
R1f2 Qe6 35. Qe2 Qg6 36. Rg2 Qxg2+ 37. Qxg2 Rxg2+ 38. Kxg2 Kg7 39. Kf3 Rh8 40.
Rh4 Kg6 41. Kg3 Kg5 42. a4 Rd8 43. Rf4 Rd7 44. Kf3 a6 45. Kg3 Kg6 46. Rf6+ Kg7
47. Rf4 Rd8 48. Kh4 Rd5 49. Kxh5 a5 50. bxa5 Rxa5 51. Kg5 Rxa4 52. Kf5 Ra1 53.
Rg4+ Kf8 54. Rh4 Ke7 55. Rh8 Kd7 56. Rb8 Kc7 57. Rf8 Rf1+ 58. Ke4 Kb6 59. Kd3
Kc7 60. e6 Kd6 61. exf7 Ke7 62. Re8+ Kxf7 63. Rb8 Rb1 64. Kc4 Ke6 65. Kc5 Kd7
66. Rh8 Rb5+ 67. Kc4 Kc7 68. Rh7+ Kb6 69. Rh6 Rd5 70. Rg6 Ka5 71. Rh6 Rg5 72.
Rh7 b5+ 73. Kd3 Rg3+ 74. Ke4 Kb4 75. Rc7 Rc3 76. Rb7 Ka4 77. Ra7+ Kb3 78. Ra1
Kb2 79. Ra6 b4 80. d5 Rc4+ 81. Kd3 cxd5 82. Ra5 Rc3+ 83. Kd4 Rc1 84. Kxd5 b3
85. Kd4 Rc7 86. Rh5 Ka2 87. Ra5+ Kb1 88. Rh5 b2 89. Rh1+ Ka2 0-1

[Event "Hilton Open 2013"]
[Site "Basel"]
[Date "2013.01.04"]
[Round "6.41"]
[White "Kaspereit, Holger"]
[Black "Spiess, Thomas"]
[Result "0-1"]
[WhiteElo "2094"]
[BlackElo "2028"]
[PlyCount "68"]
[EventDate "2013.??.??"]
[SourceDate "2013.01.01"]

1. e4 c5 2. d4 cxd4 3. c3 Nf6 4. e5 Nd5 5. cxd4 d6 6. Bb5+ Bd7 7. Bc4 e6 8. Nf3
Nc6 9. O-O Be7 10. exd6 Bxd6 11. Nc3 Nxc3 12. bxc3 Na5 13. Bd3 Qc7 14. d5 exd5
15. Be3 O-O 16. h4 Nc4 17. Bd4 Rae8 18. Ng5 h6 19. Nh7 Nb2 20. Qc2 Nxd3 21.
Qxd3 Re4 22. Nxf8 Bxf8 23. g3 Bd6 24. f4 Bg4 25. Rae1 f5 26. Be5 Bc5+ 27. Kg2
Qc6 28. Bd4 b6 29. Rxe4 dxe4 30. Qe3 Bf3+ 31. Kh2 Qb5 32. Bxc5 Qxf1 33. Qg1
Qe2+ 34. Bf2 e3 0-1

[Event "Hilton Open 2013"]
[Site "Basel"]
[Date "2013.01.04"]
[Round "6.42"]
[White "Wehrle, Uwe"]
[Black "Jud, Marc"]
[Result "1/2-1/2"]
[WhiteElo "2117"]
[BlackElo "2032"]
[PlyCount "26"]
[EventDate "2013.??.??"]
[SourceDate "2013.01.01"]

1. d4 Nf6 2. Nf3 g6 3. c4 Bg7 4. Nc3 d5 5. cxd5 Nxd5 6. e4 Nxc3 7. bxc3 c5 8.
Be3 O-O 9. Be2 cxd4 10. Bxd4 Nc6 11. O-O Bg4 12. Bxg7 Qxd1 13. Rfxd1 Kxg7
1/2-1/2

[Event "Hilton Open 2013"]
[Site "Basel"]
[Date "2013.01.04"]
[Round "6.43"]
[White "Prill, Gerhard"]
[Black "Frey, Matthias"]
[Result "0-1"]
[WhiteElo "2056"]
[BlackElo "1958"]
[PlyCount "58"]
[EventDate "2013.??.??"]
[SourceDate "2013.01.01"]

1. e4 e6 2. d4 d5 3. Nc3 Bb4 4. e5 c5 5. a3 Ba5 6. Bd2 cxd4 7. Nb5 Bc7 8. Nf3
Ne7 9. Bb4 O-O 10. Bd6 Bb6 11. Nbxd4 f6 12. c3 fxe5 13. Bxe5 Ng6 14. Bg3 e5 15.
Nb3 Bg4 16. Be2 Nc6 17. O-O Nf4 18. Bxf4 Rxf4 19. Qd2 Rf8 20. Rad1 e4 21. Nfd4
Ne5 22. h3 Bxe2 23. Nxe2 Nd3 24. Nbd4 Qh4 25. Nc1 Ne5 26. Rde1 Rf6 27. Nc2 Nf3+
28. gxf3 Rg6+ 29. Kh2 Bc7+ 0-1

[Event "Hilton Open 2013"]
[Site "Basel"]
[Date "2013.01.05"]
[Round "7.1"]
[White "Van Kampen, Robin"]
[Black "Grachev, Boris"]
[Result "1/2-1/2"]
[WhiteElo "2581"]
[BlackElo "2688"]
[PlyCount "21"]
[EventDate "2013.??.??"]
[SourceDate "2013.01.01"]

1. e4 c6 2. d4 d5 3. e5 c5 4. dxc5 e6 5. Nf3 Bxc5 6. Bd3 Ne7 7. O-O Ng6 8. Nbd2
Nc6 9. Nb3 Bb6 10. Re1 O-O 11. Be3 1/2-1/2

[Event "Hilton Open 2013"]
[Site "Basel"]
[Date "2013.01.05"]
[Round "7.2"]
[White "Vajda, Levente"]
[Black "Vachier Lagrave, Maxime"]
[Result "1/2-1/2"]
[WhiteElo "2603"]
[BlackElo "2711"]
[PlyCount "38"]
[EventDate "2013.??.??"]
[SourceDate "2013.01.01"]

1. e4 d6 2. d4 g6 3. Nf3 Bg7 4. Be2 Nf6 5. Nc3 O-O 6. O-O a6 7. Bf4 b5 8. e5
Nfd7 9. a4 b4 10. Nd5 Nc6 11. Qe1 Rb8 12. Rd1 Nb6 13. Nxb6 Rxb6 14. exd6 exd6
15. Qd2 Bg4 16. d5 Ne7 17. Be3 Rb8 18. Ba7 Bxf3 19. Bxf3 Rb7 1/2-1/2

[Event "Hilton Open 2013"]
[Site "Basel"]
[Date "2013.01.05"]
[Round "7.3"]
[White "Edouard, Romain"]
[Black "Ghaem Maghami, Ehsan"]
[Result "1/2-1/2"]
[WhiteElo "2686"]
[BlackElo "2572"]
[PlyCount "33"]
[EventDate "2013.??.??"]
[SourceDate "2013.01.01"]

1. Nf3 Nf6 2. c4 e6 3. Nc3 b6 4. e3 Bb7 5. Be2 Be7 6. O-O O-O 7. b3 c5 8. Bb2
d5 9. d4 cxd4 10. exd4 Nc6 11. Rc1 Rc8 12. Nb1 Ne4 13. a3 Bf6 14. Bd3 Na5 15.
Re1 Nd6 16. Nbd2 Nf5 17. Ne5 1/2-1/2

[Event "Hilton Open 2013"]
[Site "Basel"]
[Date "2013.01.05"]
[Round "7.4"]
[White "Istratescu, Andrei"]
[Black "Hansen, Eric"]
[Result "1-0"]
[WhiteElo "2654"]
[BlackElo "2568"]
[PlyCount "83"]
[EventDate "2013.??.??"]
[SourceDate "2013.01.01"]

1. e4 d6 2. d4 Nf6 3. f3 e5 4. Ne2 Nbd7 5. c4 Be7 6. Nbc3 O-O 7. Be3 c6 8. d5
Ne8 9. Qd2 g6 10. O-O-O c5 11. Kb1 f5 12. exf5 gxf5 13. f4 a6 14. h3 Ng7 15. g3
Rb8 16. Nc1 Kh8 17. Be2 Qe8 18. g4 Bh4 19. Rdf1 e4 20. g5 Rf7 21. Nd1 b5 22.
Bf2 Bxf2 23. Rxf2 Nb6 24. Ne3 bxc4 25. Bxc4 Qa4 26. Qc3 Qb4 27. Rc2 a5 28. h4
Na4 29. Qxb4 axb4 30. h5 Nb6 31. g6 Rf6 32. h6 Ne8 33. g7+ Kg8 34. Nb3 Nxc4 35.
Nxc4 Rg6 36. Nba5 Ba6 37. Rcc1 Nc7 38. Ne3 Re8 39. Nc6 Bb7 40. Nxb4 Nb5 41.
Nbc2 Nd4 42. Rcd1 1-0

[Event "Hilton Open 2013"]
[Site "Basel"]
[Date "2013.01.05"]
[Round "7.6"]
[White "Georgiadis, Nico"]
[Black "Melkumyan, Hrant"]
[Result "0-1"]
[WhiteElo "2369"]
[BlackElo "2656"]
[PlyCount "102"]
[EventDate "2013.??.??"]
[SourceDate "2013.01.01"]

1. e4 e5 2. Nf3 Nc6 3. Bb5 a6 4. Ba4 Nge7 5. Nc3 g6 6. d4 exd4 7. Nd5 Bg7 8.
Bg5 h6 9. Bf6 Kf8 10. Bxg7+ Kxg7 11. O-O b5 12. Bb3 Nxd5 13. Bxd5 Qf6 14. Re1
Rb8 15. e5 Qe7 16. e6 Qf6 17. Bxc6 dxc6 18. Nxd4 c5 19. Nb3 Rd8 20. e7 Re8 21.
Nxc5 Rxe7 22. Rxe7 Qxe7 23. Qd4+ Qf6 24. Qxf6+ Kxf6 25. Re1 Rb6 26. b4 Bf5 27.
f3 Rd6 28. c3 h5 29. Kf2 g5 30. Ke3 Rd5 31. a3 Kg6 32. Rc1 Rd6 33. Ke2 g4 34.
f4 h4 35. g3 Rd8 36. Rd1 Rh8 37. Nxa6 hxg3 38. hxg3 Rh2+ 39. Ke3 Rg2 40. Nxc7
Rxg3+ 41. Kd4 Rf3 42. Nxb5 g3 43. Rg1 Kh5 44. Nd6 Bh3 45. Ke4 Kg4 46. Nc4 Rxf4+
47. Kd5 g2 48. Ne3+ Kg3 49. Nxg2 Bxg2+ 50. Kc5 Rf3 51. Rc1 f5 0-1

[Event "Hilton Open 2013"]
[Site "Basel"]
[Date "2013.01.05"]
[Round "7.7"]
[White "Mladenov, Svetlin"]
[Black "Turov, Maxim"]
[Result "1/2-1/2"]
[WhiteElo "2407"]
[BlackElo "2630"]
[PlyCount "48"]
[EventDate "2013.??.??"]
[SourceDate "2013.01.01"]

1. e4 c6 2. c4 d5 3. exd5 cxd5 4. cxd5 Nf6 5. Nc3 Nxd5 6. Nf3 Nc6 7. Bb5 g6 8.
d4 Bg7 9. O-O O-O 10. h3 Nc7 11. Bxc6 bxc6 12. Qa4 Bd7 13. Qa3 Nb5 14. Qc5 Be6
15. Nxb5 cxb5 16. Qxb5 Rc8 17. Re1 Bd5 18. Ne5 Rc2 19. Qd3 Qa5 20. Rd1 Rc7 21.
Bd2 Qb6 22. Bc3 Qb7 23. Qg3 Rcc8 24. Re1 Rfd8 1/2-1/2

[Event "Hilton Open 2013"]
[Site "Basel"]
[Date "2013.01.05"]
[Round "7.8"]
[White "Loetscher, Roland"]
[Black "Bartel, Mateusz"]
[Result "0-1"]
[WhiteElo "2395"]
[BlackElo "2629"]
[PlyCount "94"]
[EventDate "2013.??.??"]
[SourceDate "2013.01.01"]

1. d4 f5 2. g3 Nf6 3. Bg2 g6 4. Nf3 Bg7 5. O-O O-O 6. b3 b6 7. Ne5 c6 8. Bb2
Bb7 9. Nd2 d6 10. Nd3 Na6 11. e4 fxe4 12. Nxe4 Nxe4 13. Bxe4 Nc7 14. h4 Qd7 15.
h5 Qh3 16. hxg6 hxg6 17. Qe2 Ne6 18. Bg2 Qf5 19. Qe3 Rae8 20. Rae1 Nc7 21. c4
b5 22. Re2 bxc4 23. bxc4 Ba6 24. Rc1 d5 25. Ne5 Bxe5 26. dxe5 Bxc4 27. Rxc4
dxc4 28. Bxc6 Rd8 29. Be4 Qh5 30. Re1 Ne6 31. Kg2 Qg4 32. Bf3 Nf4+ 33. Qxf4
Rxf4 34. Bxg4 Rxg4 35. Kf3 c3 36. Kxg4 cxb2 37. Kf3 Rd3+ 38. Ke2 Ra3 39. Rb1
Rxa2 40. Kd2 Kf7 41. Kc2 Ke6 42. Kc3 Kf5 43. e6 Kg4 44. Rd1 Kh3 45. g4 Kxg4 46.
Kb3 Ra6 47. Kxb2 Rxe6 0-1

[Event "Hilton Open 2013"]
[Site "Basel"]
[Date "2013.01.05"]
[Round "7.9"]
[White "Heimann, Andreas"]
[Black "Maisuradze, Nino"]
[Result "1/2-1/2"]
[WhiteElo "2489"]
[BlackElo "2306"]
[PlyCount "159"]
[EventDate "2013.??.??"]
[SourceDate "2013.01.01"]

1. e4 c5 2. Nc3 Nc6 3. Bb5 Nd4 4. Nf3 Nf6 5. e5 Nxb5 6. Nxb5 Nd5 7. O-O a6 8.
Nc3 Nxc3 9. dxc3 d5 10. exd6 Qxd6 11. Qxd6 exd6 12. Re1+ Be7 13. Bg5 Be6 14.
Bxe7 Kxe7 15. Ng5 h6 16. Nxe6 fxe6 17. c4 b5 18. Re4 Rhf8 19. Rae1 Rf6 20. R1e3
b4 21. f3 a5 22. Kf2 Kd7 23. Ke2 Raf8 24. Kd2 R8f7 25. c3 Rg6 26. Re2 e5 27.
Kc2 Kc6 28. Kb3 Rgf6 29. Kc2 Rf5 30. Rg4 g5 31. Rge4 a4 32. Kd3 Rb7 33. Re1 b3
34. axb3 Rxb3 35. Kc2 Rf7 36. Ra1 Rfb7 37. Ra2 R3b6 38. h4 gxh4 39. Rxh4 Rg7
40. Rh2 Ra6 41. Kd3 h5 42. b3 a3 43. Rxh5 Rxg2 44. Rxg2 a2 45. Rh1 a1=Q 46.
Rxa1 Rxa1 47. Rf2 Rb1 48. Kc2 Ra1 49. Kb2 Ra8 50. Rf1 Rh8 51. Rf2 Rf8 52. Kc2
e4 53. f4 e3 54. Rf3 e2 55. Kd2 Rb8 56. f5 Rxb3 57. Kxe2 Kd7 58. Kd3 Rb8 59.
Ke4 Rh8 60. Rg3 Rh4+ 61. Kd5 Rf4 62. Rg7+ Ke8 63. Rc7 Rxf5+ 64. Ke6 Kd8 65. Ra7
Rf3 66. Kxd6 Rd3+ 67. Kc6 Rxc3 68. Ra8+ Ke7 69. Kxc5 Kd7 70. Ra7+ Kc8 71. Kb5
Rh3 72. Ra6 Kc7 73. Rc6+ Kb7 74. Rg6 Kc7 75. Rf6 Rh1 76. Rf7+ Kc8 77. c5 Rh6
78. Rf8+ Kc7 79. Rf7+ Kc8 80. Rf8+ 1/2-1/2

[Event "Hilton Open 2013"]
[Site "Basel"]
[Date "2013.01.05"]
[Round "7.10"]
[White "Schmidt Schaeffer, Sebastian"]
[Black "Vorotnikov, Vladislav V"]
[Result "0-1"]
[WhiteElo "2356"]
[BlackElo "2464"]
[PlyCount "84"]
[EventDate "2013.??.??"]
[SourceDate "2013.01.01"]

1. f4 Nf6 2. Nf3 g6 3. e3 Bg7 4. Be2 d6 5. O-O O-O 6. d4 Nbd7 7. Nc3 e5 8. f5
Qe7 9. Qe1 e4 10. Nd2 d5 11. a4 c5 12. Qg3 Rd8 13. a5 Nf8 14. fxg6 hxg6 15. Nb3
c4 16. Nc5 Ne6 17. b4 Ne8 18. Ba3 b6 19. axb6 axb6 20. N5a4 Qb7 21. b5 Bh6 22.
Bc1 N8g7 23. h4 Kh7 24. Qe5 Nf5 25. Rxf5 gxf5 26. Qxf5+ Kg8 27. Qh5 Bg7 28. Bd2
f5 29. Rf1 Nf8 30. Be1 Rd6 31. Kh1 Rh6 32. Qg5 Ne6 33. Qg3 f4 34. exf4 Nxd4 35.
Bd1 Nf5 36. Qg5 Ne3 37. Be2 Nxf1 38. Bxf1 Be6 39. Bf2 Qf7 40. Be2 Kh7 41. Bg4
Bxg4 42. Qxg4 Rg8 0-1

[Event "Hilton Open 2013"]
[Site "Basel"]
[Date "2013.01.05"]
[Round "7.11"]
[White "Maier, Christian"]
[Black "Lekic, Dusan"]
[Result "1/2-1/2"]
[WhiteElo "2354"]
[BlackElo "2411"]
[PlyCount "38"]
[EventDate "2013.??.??"]
[SourceDate "2013.01.01"]

1. Nf3 Nf6 2. c4 c5 3. b3 g6 4. Bb2 Bg7 5. e3 O-O 6. Be2 b6 7. O-O Bb7 8. Nc3
Nc6 9. Qc2 Rc8 10. Rac1 d5 11. Nxd5 Nxd5 12. Bxg7 Nf4 13. exf4 Kxg7 14. Qc3+
Kg8 15. Rcd1 Qd6 16. d4 cxd4 17. Nxd4 Qxf4 18. Bf3 Qf6 19. Nb5 Qxc3 1/2-1/2

[Event "Hilton Open 2013"]
[Site "Basel"]
[Date "2013.01.05"]
[Round "7.12"]
[White "Kurmann, Oliver"]
[Black "Milosevic, Goran"]
[Result "1/2-1/2"]
[WhiteElo "2456"]
[BlackElo "2328"]
[PlyCount "35"]
[EventDate "2013.??.??"]
[SourceDate "2013.01.01"]

1. e4 c5 2. Nf3 e6 3. d4 cxd4 4. Nxd4 a6 5. Bd3 Nf6 6. O-O Qc7 7. Qe2 d6 8. c4
Nbd7 9. f4 Qc5 10. Kh1 Qh5 11. Nf3 b6 12. Nc3 Bb7 13. Bd2 Be7 14. Rae1 O-O 15.
e5 Ng4 16. Be4 Bxe4 17. Nxe4 dxe5 18. fxe5 1/2-1/2

[Event "Hilton Open 2013"]
[Site "Basel"]
[Date "2013.01.05"]
[Round "7.13"]
[White "Dimitrov, Atanas"]
[Black "Gavrilov, Alexei"]
[Result "1/2-1/2"]
[WhiteElo "2346"]
[BlackElo "2501"]
[PlyCount "132"]
[EventDate "2013.??.??"]
[SourceDate "2013.01.01"]

1. d4 Nf6 2. g3 d5 3. Bg2 b5 4. Nf3 Bb7 5. O-O e6 6. b3 Nbd7 7. Bb2 c5 8. c4
bxc4 9. bxc4 dxc4 10. Nbd2 Be7 11. Nxc4 O-O 12. Rc1 Rc8 13. Nfe5 Bxg2 14. Kxg2
Qc7 15. Nxd7 Qxd7 16. dxc5 Qb7+ 17. Kg1 Rxc5 18. Bd4 Rd5 19. Ne3 Rd7 20. Qa4
Rfd8 21. Rc4 h6 22. Bxf6 Bxf6 23. Ng4 Bd4 24. e3 Bb6 25. Ne5 Rd5 26. Nc6 R8d7
27. Rfc1 Kh7 28. Qc2+ g6 29. a4 Qa8 30. h4 h5 31. Qe4 Rf5 32. Qc2 Rfd5 33. Qe4
Qh8 34. Kg2 Qf6 35. R1c2 Rf5 36. Nd4 Bxd4 37. Rxd4 Rxd4 38. Qxd4 Qxd4 39. exd4
Ra5 40. Rc4 Kg7 41. Kf3 Kf6 42. Rb4 Kf5 43. Rc4 f6 44. Ke3 Rd5 45. Rc7 Ra5 46.
Rc4 e5 47. dxe5 Kxe5 48. Kd3 Ra6 49. Re4+ Kd5 50. Rd4+ Kc5 51. Rc4+ Kb6 52. g4
hxg4 53. Rxg4 Kc5 54. Rxg6 Rxa4 55. h5 Rh4 56. h6 f5 57. Rf6 Rh3+ 58. Ke2 Kd4
59. Ra6 Ke4 60. Kf1 Rh5 61. Kg2 Rg5+ 62. Kf1 Rh5 63. Kg2 Kf4 64. Ra4+ Kg5 65.
Rxa7 Rxh6 66. Ra4 Rb6 1/2-1/2

[Event "Hilton Open 2013"]
[Site "Basel"]
[Date "2013.01.05"]
[Round "7.14"]
[White "Melkumjanz, Nikolay"]
[Black "Dann, Matthias"]
[Result "0-1"]
[WhiteElo "2256"]
[BlackElo "2432"]
[PlyCount "110"]
[EventDate "2013.??.??"]
[SourceDate "2013.01.01"]

1. e4 d5 2. exd5 Qxd5 3. Nc3 Qa5 4. Nf3 Nf6 5. Be2 c6 6. O-O Bf5 7. Nh4 Be6 8.
f4 g6 9. Kh1 Nbd7 10. b4 Qxb4 11. Rb1 Qd6 12. Rxb7 Nb6 13. Bf3 Bh6 14. f5 Bc8
15. Nb5 cxb5 16. Rxb6 axb6 17. Bxa8 O-O 18. g3 Bg5 19. Ng2 Bxf5 20. Bf3 Rc8 21.
d3 Bxc1 22. Qxc1 Qc5 23. Qe3 Be6 24. Qxc5 bxc5 25. a3 Nd5 26. Re1 Rc7 27. Re5
Nc3 28. Nf4 Ba2 29. Ne2 Nxe2 30. Rxe2 Bb1 31. Bd5 e6 32. Bb3 c4 33. dxc4 bxc4
34. Ba4 Ra7 35. Bb5 Rxa3 36. Bxc4 Ba2 37. Bxa2 Rxa2 38. Kg2 Kf8 39. Kf3 Ke7 40.
Ke4 f5+ 41. Kd4 Kd6 42. Kc4 e5 43. Rd2+ Ke6 44. Kc5 e4 45. Kd4 Ra8 46. Ke3 Rc8
47. Kf4 h6 48. g4 Rc3 49. gxf5+ gxf5 50. Rf2 Kf6 51. h4 h5 52. Rf1 Rxc2 53. Ra1
Rf2+ 54. Kg3 Rf3+ 55. Kg2 Ke5 0-1

[Event "Hilton Open 2013"]
[Site "Basel"]
[Date "2013.01.05"]
[Round "7.15"]
[White "Hendriks, Willy"]
[Black "Bogdanovich, Grigory"]
[Result "1/2-1/2"]
[WhiteElo "2420"]
[BlackElo "2343"]
[PlyCount "52"]
[EventDate "2013.??.??"]
[SourceDate "2013.01.01"]

1. e4 b6 2. d4 Bb7 3. Bd3 Nc6 4. c3 e5 5. Nf3 exd4 6. cxd4 Nb4 7. Nc3 Nxd3+ 8.
Qxd3 Nf6 9. O-O d5 10. e5 Ne4 11. Nd2 Nxc3 12. bxc3 Qd7 13. a4 a5 14. Qg3 Bc6
15. Qf3 O-O-O 16. Ba3 Bxa3 17. Rxa3 f6 18. Re1 Rde8 19. Raa1 Rhg8 20. Qf4 Rgf8
21. Qh4 Qf5 22. h3 Kb7 23. Qg4 Qd7 24. Qh4 Qf5 25. Qg4 Qd7 26. Qh4 Qf5 1/2-1/2

[Event "Hilton Open 2013"]
[Site "Basel"]
[Date "2013.01.05"]
[Round "7.16"]
[White "Toth, Bela"]
[Black "Balint, Vilmos"]
[Result "1-0"]
[WhiteElo "2352"]
[BlackElo "2252"]
[PlyCount "55"]
[EventDate "2013.??.??"]
[SourceDate "2013.01.01"]

1. d4 c5 2. d5 e5 3. e4 d6 4. Bd3 a6 5. a4 Be7 6. a5 Bg5 7. Nd2 Bxd2+ 8. Bxd2
Ne7 9. Ne2 f5 10. exf5 Bxf5 11. Bg5 O-O 12. Ng3 Bxd3 13. Qxd3 h6 14. Bd2 Nd7
15. O-O Nf6 16. c4 Qd7 17. f4 exf4 18. Bxf4 g5 19. Bd2 Rf7 20. Rae1 Raf8 21.
Re6 Ng4 22. Rxf7 Rxf7 23. Bc3 Qa4 24. Rxd6 Qa1+ 25. Nf1 Rf8 26. Rg6+ Kf7 27.
Re6 Ke8 28. Re1 1-0

[Event "Hilton Open 2013"]
[Site "Basel"]
[Date "2013.01.05"]
[Round "7.17"]
[White "Faibisovich, Vadim Z"]
[Black "Kvetny, Mark"]
[Result "1-0"]
[WhiteElo "2349"]
[BlackElo "2201"]
[PlyCount "117"]
[EventDate "2013.??.??"]
[SourceDate "2013.01.01"]

1. e4 c5 2. Nf3 d6 3. d4 cxd4 4. Nxd4 Nf6 5. Nc3 a6 6. a4 e5 7. Nf3 Qc7 8. Be3
Be7 9. Be2 O-O 10. O-O Nbd7 11. Nd2 Nc5 12. b4 Nb3 13. cxb3 Qxc3 14. b5 Be6 15.
Rc1 Qb4 16. Rc7 Bd8 17. Rxb7 Bc8 18. Ra7 Rxa7 19. Bxa7 Ba5 20. Nc4 axb5 21.
axb5 Nxe4 22. Bf3 Nc3 23. Qxd6 Nxb5 24. Qxe5 Nxa7 25. Qxa5 Qxa5 26. Nxa5 Be6
27. b4 Rb8 28. Rb1 Rb6 29. h4 Nb5 30. Nc6 Nc3 31. Ra1 g6 32. Ra8+ Kg7 33. Rb8
Rxb8 34. Nxb8 Kf6 35. Nc6 Bc4 36. Kh2 Ke6 37. Kg3 Bd5 38. Nd4+ Ke5 39. Ne2 Nd1
40. b5 Bxf3 41. Kxf3 Kd5 42. Nf4+ Kc5 43. Nd3+ Kxb5 44. Ne5 f5 45. Nd7 Kc6 46.
Nf8 Kd6 47. Nxh7 Ke6 48. Nf8+ Kf7 49. Nd7 Nc3 50. Kf4 Ke6 51. Kg5 Kxd7 52. Kxg6
Nd5 53. h5 Nf4+ 54. Kg5 Ne6+ 55. Kf6 Nf8 56. h6 f4 57. Kg7 Ne6+ 58. Kg8 Ng5 59.
h7 1-0

[Event "Hilton Open 2013"]
[Site "Basel"]
[Date "2013.01.05"]
[Round "7.18"]
[White "Filipovic, Branko"]
[Black "Guo, Emma"]
[Result "1-0"]
[WhiteElo "2369"]
[BlackElo "2006"]
[PlyCount "111"]
[EventDate "2013.??.??"]
[SourceDate "2013.01.01"]

1. e4 e5 2. Nf3 Nc6 3. d4 exd4 4. Nxd4 Bb4+ 5. c3 Bc5 6. Be3 Bb6 7. Nf5 Bxe3 8.
Nxe3 Nf6 9. f3 O-O 10. Be2 Nh5 11. O-O Qg5 12. Qd2 Nf4 13. Bd1 Ne7 14. g3 f5
15. Bb3+ Kh8 16. Kh1 Ne6 17. Nd5 f4 18. gxf4 Nxf4 19. Nxc7 Rb8 20. Na3 d6 21.
Rg1 Qc5 22. Ncb5 Nh3 23. Rgf1 Ng5 24. Qxd6 Qxd6 25. Nxd6 Bh3 26. Rg1 h6 27.
Rxg5 hxg5 28. Nf7+ Rxf7 29. Bxf7 Rf8 30. Bh5 g6 31. Bg4 Bxg4 32. fxg4 Rf2 33.
b3 Re2 34. Nb5 Nc6 35. Nd4 Nxd4 36. cxd4 Rxe4 37. Rd1 Kg7 38. d5 Kf7 39. d6 Ke8
40. h3 Re5 41. d7+ Kd8 42. Rd6 Ra5 43. Rxg6 Kxd7 44. a4 Rd5 45. b4 a5 46. Rb6
Kc7 47. bxa5 Rxa5 48. Rb4 Kc6 49. Kg2 Rc5 50. Kf3 Rc3+ 51. Ke4 Rxh3 52. Kf5 Rh7
53. Kxg5 Kd6 54. Kf6 Rh6+ 55. Kf5 Rh7 56. g5 1-0